Detalles MARC
| 000 -LEADER |
| fixed length control field |
02476nam a2200241Ia 4500 |
| 003 - CONTROL NUMBER IDENTIFIER |
| control field |
OSt |
| 005 - DATE AND TIME OF LATEST TRANSACTION |
| control field |
20210811135006.0 |
| 008 - FIXED-LENGTH DATA ELEMENTS--GENERAL INFORMATION |
| fixed length control field |
210310s1999 ck aod fr 100 0 spa d |
| 040 ## - CATALOGING SOURCE |
| Original cataloging agency |
CO-JMCR |
| Transcribing agency |
CO-JMCR |
| 041 0# - LANGUAGE CODE |
| Language code of text/sound track or separate title |
spa |
| 082 04 - DEWEY DECIMAL CLASSIFICATION NUMBER |
| Classification number |
332.632 / |
| Item number |
C749c |
| Edition number |
23 |
| 111 2# - MAIN ENTRY--MEETING NAME |
| Meeting name or jurisdiction name as entry element |
Congreso Nacional de Mercado de Capitales |
| Number of part/section/meeting |
(1° : |
| Date of meeting or treaty signing |
1999 : |
| Location of meeting |
Bogotá) |
| 9 (RLIN) |
39281 |
| 245 10 - TITLE STATEMENT |
| Title |
I Congreso Nacional de Mercado de Capitales Bogotá, noviembre 4 y 5 de 1999 : |
| Remainder of title |
Memorias / |
| Statement of responsibility, etc. |
Bolsa de Bogotá |
| 250 ## - EDITION STATEMENT |
| Edition statement |
1° edición |
| 260 ## - PUBLICATION, DISTRIBUTION, ETC. |
| Place of publication, distribution, etc. |
Bogotá : |
| Name of publisher, distributor, etc. |
Bolsa de Bogotá : Seminarios Dinero, |
| Date of publication, distribution, etc. |
1999 |
| 300 ## - PHYSICAL DESCRIPTION |
| Extent |
244 páginas : |
| Other physical details |
ilustraciones y gráficas a blanco y negro ; |
| Dimensions |
28 cm. |
| 490 0# - SERIES STATEMENT |
| Series statement |
De cara al siglo XXI |
| 505 0# - FORMATTED CONTENTS NOTE |
| Title |
Retos capitales ¿Cuáles son las preguntas? / |
| Statement of responsibility |
Juan Luis Londoño de la Cuesta |
| Title |
Sistemas cambiarios, mercado de capitales y desarrollo económico / |
| Statement of responsibility |
Felipe Larraín |
| Title |
Corporate Governance ¿Incentiva o frustra el mercado de capitales? / |
| Statement of responsibility |
Florencio López de Silanes |
| Title |
Política público-privada y mercado de capitales en Colombia. Evaluación y análisis sobre la evolución del mercado de capitales. ¿Qué ha pasado? / |
| Statement of responsibility |
Roberto Steiner Sanpedro |
| Title |
Propuesta de agenda público-privada para el mercado de capítales / |
| Statement of responsibility |
Luis Alberto Zuleta |
| Title |
Mercado de capitales y vulnerabilidad financiera / |
| Statement of responsibility |
Guillermo Perry Rubio |
| Title |
Estrategias de recuperación y financiación del sector empresarial a través del mercado de capitales / |
| Statement of responsibility |
George Green |
| Title |
Financiamiento de proyectos de infraestructura a través del mercado de capitales. Caso Internacional Latinoamericano / |
| Statement of responsibility |
Ellis Juan |
| Title |
Transición en la financiación de la vivienda: Desarrollo del nuevo esquema / |
| Statement of responsibility |
Luis Carlos Echeverri |
| Title |
Gerencia efectiva del mercado de capitales, capacidad y recursos de los agentes y gestores del mercado / |
| Statement of responsibility |
Roberto Iglesias |
| Title |
Desarrollo de los mercados de renta fija en el mercado de capitales / |
| Statement of responsibility |
Clemente del Valle |
| Title |
Mejora de la eficiencia el mercado de capitales en Colombia / |
| Statement of responsibility |
José María Ayala |
| Title |
Proyecto de reforma de mercado de capitales y la Ley de mercado de capitales / |
| Statement of responsibility |
Jorge Gabriel Taboada Hoyos |
| Title |
El mercado de capitales en el nuevo siglo. ¿Cómo ponerlo en práctica? / |
| Statement of responsibility |
Santiago Montenegro Trujillo |
| 650 14 - SUBJECT ADDED ENTRY--TOPICAL TERM |
| Topical term or geographic name entry element |
Mercado de capitales |
| 9 (RLIN) |
16959 |
| Form subdivision |
Congresos, conferencias, etc. |
| Geographic subdivision |
América Latina |
| 650 24 - SUBJECT ADDED ENTRY--TOPICAL TERM |
| Topical term or geographic name entry element |
Financiación |
| Form subdivision |
Congresos, conferencias, etc. |
| Geographic subdivision |
Colombia |
| 9 (RLIN) |
39282 |
| 650 24 - SUBJECT ADDED ENTRY--TOPICAL TERM |
| Topical term or geographic name entry element |
Mercado de capitales |
| Form subdivision |
Congresos, conferencias, etc. |
| Geographic subdivision |
Colombia |
| 9 (RLIN) |
39283 |
| 942 ## - ADDED ENTRY ELEMENTS (KOHA) |
| Source of classification or shelving scheme |
Dewey Decimal Classification |
| Koha item type |
Books |